[Event "GER-ch Net Amateur Gr-B Vor2"]
[Site "Playchess.com INT"]
[Date "2020.04.15"]
[Round "5"]
[White "Hagenbeck Huebert, Ben"]
[Black "Jahnz, Laurin"]
[Result "1-0"]
[WhiteElo "1691"]
[BlackElo "1498"]
[PlyCount "67"]
[EventDate "2020.04.15"]
[EventType "swiss (blitz)"]
[EventRounds "9"]
[EventCountry "GER"]
[SourceTitle "CBM 196 Extra"]
[Source "ChessBase"]
[SourceDate "2020.07.31"]
[SourceVersion "1"]
[SourceVersionDate "2020.07.31"]
[SourceQuality "1"]

1. e4 e5 2. Nf3 Nc6 3. Nc3 Nf6 4. Bb5 Bd6 5. 0-0 0-0 6. d3 a6 7. Ba4 Re8 8. Bg5 h6 9. Bh4 b5 10. Bb3 Bb7 11. Nd5 Be7 12. Nxe7+ Qxe7 13. Re1 a5 14. a4 b4 15. Qd2 Nd8 16. Rad1 Ra6 17. Bg3 d6 18. Re2 Ne6 19. Rde1 Nc5 20. Bc4 Raa8 21. b3 Rad8 22. Nh4 Ne6 23. Nf5 Qd7 24. Bb5 c6 25. Bc4 Nh5 26. d4 Nxg3 27. hxg3 exd4 28. Nxd4 Nc5 29. f3 d5 30. exd5 Rxe2 31. Rxe2 cxd5 32. Bb5 Qd6 33. Qf4 Qxf4 34. gxf4 1-0

[Event "GER-ch Net Amateur Gr-B Vor2"]
[Site "Playchess.com INT"]
[Date "2020.04.15"]
[Round "9"]
[White "Jahnz, Laurin"]
[Black "Marschall, Andreas"]
[Result "1-0"]
[WhiteElo "1481"]
[BlackElo "1604"]
[PlyCount "85"]
[EventDate "2020.04.15"]
[EventType "swiss (blitz)"]
[EventRounds "9"]
[EventCountry "GER"]
[SourceTitle "CBM 196 Extra"]
[Source "ChessBase"]
[SourceDate "2020.07.31"]
[SourceVersion "1"]
[SourceVersionDate "2020.07.31"]
[SourceQuality "1"]

1. Nf3 d5 2. g3 e6 3. Bg2 Nf6 4. 0-0 Bd6 5. d3 h6 6. Nbd2 c5 7. e4 Nc6 8. Re1 dxe4 9. Nxe4 Nxe4 10. dxe4 Bc7 11. Qxd8+ Bxd8 12. Be3 Be7 13. Rad1 0-0 14. a3 b6 15. Rd3 Ba6 16. Rd7 Rad8 17. Red1 Rxd7 18. Rxd7 Rd8 19. Rxd8+ Bxd8 20. Bd2 Bf6 21. b3 Kf8 22. b4 c4 23. a4 b5 24. a5 Bb7 25. e5 Nxe5 26. Nxe5 Bxg2 27. Nd7+ Ke7 28. Nxf6 Kxf6 29. Kxg2 Ke5 30. Bc3+ Ke4 31. Bxg7 h5 32. f4 Kf5 33. c3 f6 34. Kf3 Kg6 35. Bf8 Kf7 36. Bc5 a6 37. Ke4 Kg6 38. h3 Kf7 39. g4 hxg4 40. hxg4 Kg6 41. f5+ exf5+ 42. gxf5+ Kg5 43. Be7 1-0

[Event "GER-ch Net Amateur Gr-B Vor1"]
[Site "Playchess.com INT"]
[Date "2020.04.14"]
[Round "6"]
[White "Heiser, Quentin"]
[Black "Jahnz, Laurin"]
[Result "1-0"]
[WhiteElo "1468"]
[BlackElo "1487"]
[PlyCount "71"]
[EventDate "2020.04.14"]
[EventType "swiss (blitz)"]
[EventRounds "9"]
[EventCountry "GER"]
[SourceTitle "EXT 2021"]
[Source "ChessBase"]
[SourceDate "2020.10.23"]
[SourceVersion "1"]
[SourceVersionDate "2020.10.23"]
[SourceQuality "1"]

1. e4 d5 2. exd5 Qxd5 3. Nc3 Qd8 4. d4 Nf6 5. Nf3 g6 6. Bc4 Bg7 7. 0-0 0-0 8. h3 Nc6 9. Re1 e6 10. a3 Ne7 11. Ba2 Nf5 12. d5 exd5 13. Nxd5 Nxd5 14. Bxd5 c6 15. Ba2 Qf6 16. c3 Qd6 17. Qxd6 Nxd6 18. Bf4 Nf5 19. Rad1 b6 20. Ne5 Bxe5 21. Bxe5 Ba6 22. Bh2 Rad8 23. Bc7 Rxd1 24. Rxd1 Re8 25. Rd7 Re1+ 26. Kh2 Nh6 27. Bd6 Re2 28. Rd8+ Kg7 29. Bf8+ Kf6 30. Bxh6 Rxb2 31. Rd2 Rb5 32. Rd7 Ra5 33. Rxf7+ Ke5 34. Bg7+ Ke4 35. Bb1+ Kd5 36. f3 1-0

[Event "GER-ch Net Amateur Gr-B Vor1"]
[Site "Playchess.com INT"]
[Date "2020.04.14"]
[Round "7"]
[White "Jahnz, Laurin"]
[Black "Goetz, Timon"]
[Result "0-1"]
[WhiteElo "1415"]
[BlackElo "1468"]
[PlyCount "64"]
[EventDate "2020.04.14"]
[EventType "swiss (blitz)"]
[EventRounds "9"]
[EventCountry "GER"]
[SourceTitle "EXT 2021"]
[Source "ChessBase"]
[SourceDate "2020.10.23"]
[SourceVersion "1"]
[SourceVersionDate "2020.10.23"]
[SourceQuality "1"]

1. e4 c5 2. Nf3 e6 3. d4 cxd4 4. Nxd4 Nc6 5. c4 Qc7 6. Nc3 a6 7. Be3 b6 8. Be2 Bb7 9. 0-0 Nf6 10. f3 Bc5 11. Bf2 0-0 12. Re1 Rad8 13. Bf1 d5 14. cxd5 exd5 15. Nxc6 Bxf2+ 16. Kxf2 Bxc6 17. e5 d4 18. exf6 dxc3 19. Qc2 Rd2+ 20. Qxd2 cxd2 21. Re2 Qxh2 22. Rxd2 Qf4 23. Re2 Qd4+ 24. Ke1 Qxf6 25. Rd1 Re8 26. Rxe8+ Bxe8 27. Bxa6 Qxb2 28. Rd8 Qe5+ 29. Kf2 Qe7 30. Rb8 g6 31. Bb5 Qc5+ 32. Kg3 Qe5+ 0-1